000
00242nam a2200109Ia 4500
999
_c
10034
_d
10034
020
_a
978-0073376769
100
_a
James A. O Brien
245
0
_a
Management Information Systems
260
_a
India
_b
Oxford
_c
2003
300
_a
366
942
_c
BK